000 00439 a2200097 4500
100 1 _aLewicki, Władysław.
_eAutor
700 1 _aKarpiński, Leon.
_eAutor
245 0 _aMetodyka oceny ekonomicznej efektywności systemów i programów oraz innych przedsięwzięć informatycznych w resorcie łączności /
_cLewicki Władysław, Karpiński Leon.
710 2 _aInstytut Łączności.
_eWydawca
_4pbl
260 _aWarszawa :
_bIŁ,
_c1978.
300 _aIII,20 s.;
_c34 cm.
999 _c16125
_d16125